| 000 | 00476nam a22001817a 4500 | ||
|---|---|---|---|
| 001 | 10056 | ||
| 003 | FISKH | ||
| 005 | 20260403112110.0 | ||
| 008 | 260402b cb ||||| |||| 00| 0 eng d | ||
| 020 | _a9787511039521 | ||
| 040 |
_aFISKH _bchi _cFISKH _dFISKH |
||
| 082 | _a741.5 | ||
| 100 | _a(严欢主编) | ||
| 245 |
_a最好的朋友 (Best friend ) / _c(严欢主编) |
||
| 300 |
_a23 pages : _bcolor illustrations ; _c23 cm . |
||
| 942 |
_2ddc _cBOOK _n0 |
||
| 999 |
_c10056 _d10056 |
||